00389nam a22001452 4500001001100000005001700011008004100028020002600069040001500095050002000110100002900130245003600159260003700195300001100232000000284120151217155204.0070420s xx 000 0 eng d a0671028286 :cKES 110 aKABUcKABU 0aPS3553b.O365S41 aCoffey, Tom.@000015234714aThe Serpent club :ba thriller. aNew York :bPocket Books,c1999. a402 p.